Iron mustang / (Запис № 512993)

МАРК-запис
000 -LEADER
fixed length control field 01214nam a2200289Ia 4500
001 - CONTROL NUMBER
control field ironmustang00loga
003 - CONTROL NUMBER IDENTIFIER
control field CaSfIA
005 - DATE AND TIME OF LATEST TRANSACTION
control field 20210118103743.0
007 - PHYSICAL DESCRIPTION FIXED FIELD--GENERAL INFORMATION
fixed length control field cr||||
008 - FIXED-LENGTH DATA ELEMENTS--GENERAL INFORMATION
fixed length control field 971028s1978 nyu 000 1 eng d
040 ## - CATALOGING SOURCE
Original cataloging agency BUF
Transcribing agency BUF
Modifying agency BAKER
-- CaSfIA
020 ## - INTERNATIONAL STANDARD BOOK NUMBER
International Standard Book Number 0867211024
020 ## - INTERNATIONAL STANDARD BOOK NUMBER
International Standard Book Number 9780867211023
035 ## - SYSTEM CONTROL NUMBER
System control number (OCoLC)37855467
050 #4 - LIBRARY OF CONGRESS CALL NUMBER
Classification number PS3562.O446
Item number I76 1978
100 1# - MAIN ENTRY--PERSONAL NAME
Personal name Logan, Jake.
245 10 - TITLE STATEMENT
Title Iron mustang /
Medium [electronic resource]
Statement of responsibility, etc Jake Logan.
260 ## - PUBLICATION, DISTRIBUTION, ETC. (IMPRINT)
Place of publication, distribution, etc New York :
Name of publisher, distributor, etc Playboy Paperbacks,
Date of publication, distribution, etc 1978.
300 ## - PHYSICAL DESCRIPTION
Extent 172 p. ;
Dimensions 18 cm.
440 #0 - SERIES STATEMENT/ADDED ENTRY--TITLE
Title Playboy paperbacks western
440 #4 - SERIES STATEMENT/ADDED ENTRY--TITLE
Title The original adult western ;
Volume number/sequential designation 42
506 ## - RESTRICTIONS ON ACCESS NOTE
Standardized terminology for access restriction Необхідна авторизація на https://archive.org/ (створення облікового запису безкоштовно)
506 ## - RESTRICTIONS ON ACCESS NOTE
Standardized terminology for access restriction Необхідна авторизація на https://openlibrary.org/ (створення облікового запису безкоштовно)
856 41 - ELECTRONIC LOCATION AND ACCESS
Uniform Resource Identifier <a href="http://www.archive.org/details/ironmustang00loga">http://www.archive.org/details/ironmustang00loga</a>
Public note Free eBook from the Internet Archive
856 42 - ELECTRONIC LOCATION AND ACCESS
Uniform Resource Identifier <a href="http://www.openlibrary.org/books/OL24279630M">http://www.openlibrary.org/books/OL24279630M</a>
Public note Additional information and access via Open Library
942 ## - ADDED ENTRY ELEMENTS (KOHA)
Koha item type ЕКнига

Немає доступних примірників.